[Event "Witten (ch open)"]
[Site "Witten"]
[Date "2013.03.22"]
[Round "7"]
[White "Stergar, Lothar"]
[Black "Mrowetz, Josef"]
[Result "1-0"]
[WhiteElo "1620"]
[BlackElo "1399"]
[PlyCount "55"]
[EventDate "2013.02.08"]
[EventType "swiss"]
[EventRounds "7"]
[EventCountry "GER"]
[Source "Lothar Stergar"]
[SourceDate "2013.02.09"]

1. e4 g5 (1... e6 {- Gallmeister,C (1578)-Teich,W (1695), (6) 2013}) 2. d4 h6
3. Nc3 c6 4. Bc4 {#} e6 (4... g4 5. Bb3 f5 6. h3 h5 7. hxg4 fxg4 8. Rxh5 Rxh5
9. Qxg4 Rh1 10. Qg6# {1-0 Haldorsen,B (1811)-Valembois,P (1292), Helsingor 2012
}) 5. d5 Qf6 6. Be3 Bb4 7. Nge2 e5 8. a3 Bd6 9. Ng3 b5 10. Ba2 Ne7 11. dxc6
dxc6 12. Nh5 Qg6 13. g4 b4 14. axb4 Bxb4 15. Qf3 Ng8 16. O-O Be6 17. Bxe6 fxe6
18. Rxa7 Rxa7 19. Bxa7 Nd7 20. Na4 Ngf6 21. Nxf6+ Nxf6 22. Qb3 Be7 23. f3 O-O
24. Qxe6+ Rf7 25. Qxc6 h5 26. h3 Qg7 27. Qe6 Ne8 28. Bb8 1-0